| 000 | 00563nam a2200193Ia 4500 | ||
|---|---|---|---|
| 008 | 220216s9999 xx 000 0 und d | ||
| 100 | _aJayasree P K | ||
| 245 | 0 | _aHistochemical changes in embryogenic and non-embryogenic calli of Hevea brasiliensis | |
| 260 |
_bNatural Rubber Research _c2012 |
||
| 300 | _a86-90 | ||
| 650 | _aEmbryogenic callus | ||
| 650 | _aHistochemical characterization | ||
| 650 | _aNon-embryogenic callus | ||
| 650 | _aStorage reserves | ||
| 700 | _aKala R G | ||
| 700 | _aReghu C P | ||
| 700 | _aThulaseedharan A | ||
| 942 | _cJS | ||
| 999 |
_c60445 _d60445 |
||